МС ИСО серии 9000 или метод "Шесть сигм": есть ли проблема выбора?; Методы менеджмента качества; № 4

Dettagli Bibliografici
Parent link:Методы менеджмента качества: научно-технический журнал/ Всероссийская организация качества (ВОК).— , 1999-.— 0130-6898
№ 4.— 2003.— С. 10-11
Autore principale: Плетнева Н. П.
Lingua:russo
Pubblicazione: 2003
Serie:Стратегические альтернативы
Soggetti:
Natura: MixedMaterials Capitolo di libro
KOHA link:https://koha.lib.tpu.ru/cgi-bin/koha/opac-detail.pl?biblionumber=385662

MARC

LEADER 00000naa2a2200000 4500
001 385662
005 20231101063404.0
035 |a (RuTPU)RU\TPU\prd\13709 
090 |a 385662 
100 |a 20030514a2003 k y0rusy50 ca 
101 0 |a rus 
102 |a RU 
200 1 |a МС ИСО серии 9000 или метод "Шесть сигм": есть ли проблема выбора?  |f Н. П. Плетнева 
225 1 |a Стратегические альтернативы 
461 1 |0 (RuTPU)RU\TPU\prd\1635  |x 0130-6898  |t Методы менеджмента качества  |o научно-технический журнал  |f Всероссийская организация качества (ВОК)  |d 1999- 
463 1 |0 (RuTPU)RU\TPU\prd\13539  |t № 4  |v С. 10-11  |d 2003 
610 1 |a стандарты 
610 1 |a метод "Шесть сигм" 
610 1 |a менеджмент качества 
610 1 |a руководство компаний 
610 1 |a инструменты качества 
700 1 |a Плетнева  |b Н. П. 
801 1 |a RU  |b 63413507  |c 20030514  |g PSBO 
801 2 |a RU  |b 63413507  |c 20130520  |g RCR 
942 |c BK